000 00386nam a22001577a 4500
003 MPLRDC
005 20220104114300.0
008 210129b ||||| |||| 00| 0 eng d
082 _a857.27 PSL v.2
100 _a不详
245 _a聊斋连环画: 仙人岛
_c
260 _a
_b海鸥出版公司
_c
300 _b
650 _a小说--笔记; 异闻
942 _cBK
_o857.27 PSL v.2
999 _c6275
_d6265